| 000 | 00640cas a22002055a 4500 | ||
|---|---|---|---|
| 001 | ##L99083 | ||
| 008 | 070717c1984 xxkbr p 0 a0eng | ||
| 022 | 1 | _a0267-2359 | |
| 035 | _a(Sirsi) u99083 | ||
| 041 | 0 | _aeng | |
| 245 | 0 | 0 | _aConstruction Law Journal |
| 260 | 3 | 0 |
_aLondon _bSweet and Maxwell _c1984- |
| 362 | _aLondon: 1(1) 1984/5- | ||
| 362 | 0 | _aEdinburgh: 13 1997-18 2002 | |
| 651 | 4 | _aUnited Kingdom | |
| 690 | _aBUILT ENVIRONMENT | ||
| 856 |
_uhttps://www.rics.org/profession-standards/knowledge-and-information-services/kis-legal-resources _zLegal resources for RICS members |
||
| 942 |
_n0 _2ddc |
||
| 948 | _c04/02/1994 | ||
| 999 |
_c118646 _d118646 |
||